000 00557cam a22001934a 4500
005 20250605164200.0
008 250528s ||||||||||||||||||||||||d
035 _a19741
020 _a9608028205
040 _aGR-AtMCL
_bgre
_dGR-AtMCL
_eAACR2
245 1 _aΣΧΟΛΙΚΟΣ ΚΑΙ ΕΠΑΓΓΕΛΜΑΤΙΚΟΣ ΠΡΟΣΑΝΑΤΟΛΙΣΜΟΣ ΑΤΟΜΩΝ ΜΕ ΑΝΑΠΗΡΙΑ
250 _a1
260 _c2004
300 _a347
700 1 _aΔελλασουδας Λαυρεντης
_95942
942 _cBK
999 _c4997
_d4997